[Event "Sem desculpas!"]
[Site "http://www.queenalice.com/game.php?id=414450"]
[Date "2008.6.7"]
[Round "-"]
[White "VSB"]
[Black "rossigts"]
[Result "1-0"]
[WhiteElo "1461"]
[BlackElo "1191"]

1. e3 e5 2. Bd3 d5 3. Qh5 Qf6 4. Nf3 g6 5. Qxe5+ Qxe5 6. Nxe5 Be6 7. Nc3 Nd7 8.
Nxd7 Bxd7 9. Nxd5 Bd6 10. O-O O-O-O 11. b4 Be5 12. c3 h5 13. f4 Bd6 14. b5 Ne7
15. Nf6 h4 16. h3 Rh5 17. Nxh5 gxh5 18. f5 b6 19. e4 f6 20. Bb2 Bxb5 21. Bxb5
Bf4 22. Rxf4 1-0

[Event "Challenge"]
[Site "http://www.queenalice.com/game.php?id=414538"]
[Date "2008.6.7"]
[Round "-"]
[White "CHUVARJ"]
[Black "rossigts"]
[Result "0-1"]
[WhiteElo "1252"]
[BlackElo "1218"]

1. e3 e5 2. Nf3 d6 3. d4 Nc6 4. h4 Nf6 5. b3 Nb4 6. dxe5 Bf5 7. Bb5+ Nd7 8. Nd4
Bg6 9. Qd2 c5 10. Ba3 Nd5 11. b4 cxb4 12. c3 bxa3 13. Nxa3 dxe5 14. Nf3 Bxa3 15.
Qxd5 O-O 16. Nxe5 Bf5 17. Nxd7 Bb2 18. Qxf5 g6 19. Qb1 Bxc3+ 20. Kd1 Re8 21. Rh3
a6 22. Ba4 b5 23. e4 bxa4 24. Rxc3 Qxd7+ 25. Kc2 Red8 26. f3 Qd2# 0-1

[Event "Challenge"]
[Site "http://www.queenalice.com/game.php?id=415750"]
[Date "2008.6.10"]
[Round "-"]
[White "rossigts"]
[Black "VSB"]
[Result "1-0"]
[WhiteElo "1191"]
[BlackElo "1464"]

1. e4 e5 2. Qf3 Nf6 3. b3 c5 4. d3 Qa5+ 5. Bd2 Qa3 6. Nxa3 Nc6 7. Nc4 Nb4 8.
Bxb4 cxb4 9. Nxe5 g5 10. Qxf6 Rg8 11. Qxf7+ Kd8 12. Qxg8 d6 13. Qxf8+ Kc7 14.
Nc4 a5 15. Qxd6# 1-0

[Event "Challenge"]
[Site "http://www.queenalice.com/game.php?id=416972"]
[Date "2008.6.13"]
[Round "-"]
[White "gilberth1"]
[Black "rossigts"]
[Result "1-0"]
[WhiteElo "1436"]
[BlackElo "1224"]

1. d4 e6 2. e4 Bb4+ 3. c3 Ba5 4. Bc4 d5 5. Qg4 g6 6. Qf4 Nf6 7. Bd3 dxe4 8. Bxe4
Nh5 9. Qe5 Bb6 10. Qxh8+ Ke7 11. Bg5+ Kd6 12. Qxd8+ Bd7 13. Be7# 1-0

[Event "PorradaAgain"]
[Site "http://www.queenalice.com/game.php?id=449772"]
[Date "2008.8.17"]
[Round "-"]
[White "Nefelibatas"]
[Black "rossigts"]
[Result "1-0"]
[WhiteElo "1479"]
[BlackElo "1227"]

1. e4 e5 2. Nf3 Qf6 3. d3 g5 4. Bxg5 Qb6 5. Nc3 Qxb2 6. Nd5 h6 7. Bf6 Bb4+ 8.
Nd2 Ba5 9. Bxh8 d6 10. Nf6+ Nxf6 11. Bxf6 Bd7 12. Be2 Ba4 13. Rc1 Nd7 14. Bh4
Nc5 15. O-O Nd7 16. Nc4 Qb4 17. Rb1 Qc3 18. Nxa5 Qxa5 19. Bh5 Nf8 20. Rxb7 Nd7
21. Qf3 Kf8 22. Qxf7# 1-0

[Event "um dia vai!"]
[Site "http://www.queenalice.com/game.php?id=454811"]
[Date "2008.8.28"]
[Round "-"]
[White "rossigts"]
[Black "oaoj"]
[Result "0-1"]
[WhiteElo "1227"]
[BlackElo "1550"]

1. e4 e5 2. Qf3 Nc6 3. Bc4 Nf6 4. d3 Nd4 5. Qd1 Qe7 6. Be3 Nc6 7. Qf3 g6 8. Nc3
Nb4 9. Bb3 c6 10. Bg5 Bg7 11. Qh3 Nxc2+ 12. Bxc2 d5 13. Qg3 dxe4 14. Nxe4 Qb4+
15. Nc3 Qxb2 16. Qxe5+ Be6 17. Rb1 Qa3 18. Nge2 O-O 19. O-O Ng4 20. Rb3 Qxb3 21.
axb3 Bxe5 22. Ne4 Bxh2+ 23. Kh1 Be5 24. d4 Bh8 25. f3 f5 26. Nc5 Nf6 27. Re1 Bc8
28. b4 Nd5 29. Nd3 a5 30. Bb3 Be6 31. Nc5 Bf7 32. Kg1 Rfe8 33. Bc4 Bxd4+ 34. Kf1
Bg7 35. Nd3 h6 36. Bh4 Ne3+ 37. Kf2 Nxc4 38. Bg3 a4 39. Nd4 Bxd4+ 40. Kf1 Nd2#
0-1

[Event "Challenge"]
[Site "http://www.queenalice.com/game.php?id=468334"]
[Date "2008.9.25"]
[Round "-"]
[White "rossigts"]
[Black "Romulo_Galter"]
[Result "0-1"]
[WhiteElo "1303"]
[BlackElo "1326"]

1. e4 e5 2. Qf3 f6 3. Nc3 Bc5 4. Bc4 Nc6 5. Qh5+ g6 6. Qh3 h5 7. d3 Nd4 8. Bb3
d5 9. Qg3 Ne7 10. Ba4+ Bd7 11. Bb3 c6 12. Be3 h4 13. Bxd4 Bxd4 14. Qf3 Rf8 15.
Nge2 Bc5 16. exd5 Qa5 17. d6 Bxd6 18. O-O-O b5 19. d4 f5 20. g3 e4 21. Qg2 O-O-O
22. gxh4 b4 23. Nxe4 Bc7 24. Qg5 Rf7 25. Bxf7 b3 26. Bxb3 Nd5 27. Nf6 Nb4 28.
Nxd7 Kxd7 29. Nf4 Nxa2+ 30. Kb1 Rb8 31. Nxg6 Bd6 32. Bxa2 Qb5 33. d5 Qxb2# 0-1

[Event "Challenge"]
[Site "http://www.queenalice.com/game.php?id=472791"]
[Date "2008.10.4"]
[Round "-"]
[White "TacaRachaNoMuro"]
[Black "rossigts"]
[Result "0-1"]
[WhiteElo "1495"]
[BlackElo "1224"]

1. d4 d5 2. Nf3 e6 3. e3 Bb4+ 4. c3 Be7 5. Bb5+ Bd7 6. Bxd7+ Qxd7 7. O-O Bd6 8.
Re1 Qe7 9. Nbd2 Nf6 10. Qa4+ Nc6 11. Qb3 b6 12. Qb5 Qd7 13. Ng5 a6 14. Qd3 Ng4
15. Nf1 Qe7 16. e4 h6 17. exd5 Nd8 18. dxe6 fxe6 19. Qf3 Qf6 20. Qxa8 Bxh2+ 21.
Nxh2 Qxf2+ 22. Kh1 Qxe1+ 23. Nf1 Qxf1# 0-1

[Event "Rematch"]
[Site "http://www.queenalice.com/game.php?id=473678"]
[Date "2008.10.7"]
[Round "-"]
[White "oaoj"]
[Black "rossigts"]
[Result "1-0"]
[WhiteElo "1553"]
[BlackElo "1271"]

1. Nf3 e6 2. Nc3 d5 3. g3 Bc5 4. d4 Bb6 5. Bg2 Nf6 6. Bg5 Qe7 7. e4 Qb4 8. a3
Qxb2 9. Na4 Ba5+ 10. Nd2 Qxd4 11. c3 Bxc3 12. Nxc3 Qxc3 13. exd5 Qe5+ 14. Be3
exd5 15. O-O Bd7 16. Re1 O-O 17. Rb1 d4 18. Bxb7 dxe3 19. Rxe3 Qd6 20. Bxa8 c6
21. Bb7 Nd5 22. Reb3 Re8 23. Nf3 Bf5 24. Rc1 Re4 25. Rbc3 g6 26. Bxc6 Nxc6 27.
Rxc6 Qxa3 28. Ng5 Bg4 29. Qxd5 Re7 30. Qd8+ Kg7 31. Qd4+ Kh6 32. Qxg4 f5 33.
Qh4+ Kg7 34. Qxh7+ Kf8 35. Qh8# 1-0

[Event "Challenge"]
[Site "http://www.queenalice.com/game.php?id=473831"]
[Date "2008.10.7"]
[Round "-"]
[White "oaoj"]
[Black "rossigts"]
[Result "1-0"]
[WhiteElo "1558"]
[BlackElo "1284"]

1. e4 d5 2. Nc3 dxe4 3. Nxe4 Bf5 4. Ng5 Bg6 5. g3 e5 6. d3 Qd5 7. N1f3 Bh5 8.
Bg2 Be7 9. Qe2 Nc6 10. O-O Bc5 11. Qe1 Bg4 12. Nxe5 Qd6 13. Nxg4+ Nge7 14. Ne4
Qd4 15. Be3 Qd7 16. Bxc5 b6 17. Ba3 O-O-O 18. Nc3 Qxg4 19. Bxe7 Rde8 20. Bxc6 h5
21. a4 Rh6 22. Bxe8 h4 23. Qe5 hxg3 24. fxg3 Re6 25. Qd5 Re3 26. Bd7+ Qxd7 27.
Qxd7+ Kxd7 28. Bh4 Kc8 29. Rxf7 Kb8 30. b4 a5 31. bxa5 bxa5 32. Nb5 Kb7 33. Rb1
Re8 34. Nxc7+ Kc6 35. Rb5 Re1+ 36. Kf2 Ra1 37. Rxa5 Ra2 38. Rxg7 Rxc2+ 39. Kf3
Kb6 40. Rb5+ 1-0

[Event "DESAFIO!"]
[Site "http://www.queenalice.com/game.php?id=506540"]
[Date "2008.12.12"]
[Round "-"]
[White "rossigts"]
[Black "Dandi"]
[Result "0-1"]
[WhiteElo "1339"]
[BlackElo "1413"]

1. d4 d5 2. e3 e6 3. b3 Nc6 4. Nf3 Bb4+ 5. Bd2 Qe7 6. Nc3 Nf6 7. g3 Ne4 8. Nxe4
dxe4 9. Ne5 Qd6 10. Nc4 Qe7 11. Qg4 g6 12. Qxe4 Qd7 13. c3 Be7 14. Bg2 f5 0-1